| 000 | 01147cam a2200349Ma 4500 | ||
|---|---|---|---|
| 001 | ocn224910497 | ||
| 003 | TZ-ArACH | ||
| 005 | 20130704161211.0 | ||
| 008 | 071031s2007 fr 000 0 fre d | ||
| 020 | _a2266169092 | ||
| 020 | _a9782266169097 | ||
| 035 | _a(OCoLC)224910497 | ||
| 040 |
_aLVB _bfre _cTZ-ArACH |
||
| 041 | _aFre | ||
| 049 | _aTZAA | ||
| 050 |
_aHD9560 _b.L38 |
||
| 100 | 1 |
_aLaurent, Eric. _911781 |
|
| 245 | 1 | 3 |
_aFace cachée du pétrole / _cÉric Laurent ; postface inédite de l'auteur. |
| 246 | 1 | 4 |
_aFace cachée du pétrole : _bl'enquête |
| 260 |
_aParis : _bPlon, _c2007. |
||
| 300 | _a460 p. | ||
| 490 | 1 |
_aPocket ; _v13254 |
|
| 504 | _aBibliogr.: p. 445-[453]. | ||
| 650 | 6 |
_aPétrole _xExploitation. _911782 |
|
| 650 | 6 |
_aPétrole _xIndustrie et commerce. _911783 |
|
| 650 | 6 |
_aPétrole _xAspect politique. _911784 |
|
| 650 | 6 |
_aPétrole _xAspect économique. _911785 |
|
| 650 | 6 |
_aProduits pétroliers _xPrix. _911786 |
|
| 830 | 0 |
_aPocket ; _v13254. _911787 |
|
| 942 |
_2lcc _cBOOK |
||
| 999 |
_c2675 _d2675 |
||